00350nam a2200121 a 450000100100000000500170001000800410002704000250006810000180009324500510011126000310016230000350019300003529520200930074234.0111027s19uu xx 000 0 spa d aDO-SdBNPbspacBNPHU1 aMira, Marcelo10aBateria desde el primer día /cMarcelo Mira. as.l], :b[s.n.],c[199-?]. a20 p. :bil., mús. ;c28 cm.